[Event "EYCC Open U14 2018"]
[Site "Riga"]
[Date "2018.08.29"]
[Round "9"]
[White "Unat, Can Haktan"]
[Black "Suleymanli, Aydin Elshan"]
[Result "0-1"]
[WhiteElo "2159"]
[BlackElo "2323"]
[Annotator "TA"]
[PlyCount "112"]
[EventDate "2018.08.20"]
[EventType "swiss"]
[EventCountry "LAT"]
[SourceTitle "playchess.com"]
[Source "ChessBase"]
[SourceQuality "1"]

{[%evp 17,112,7,26,14,16,15,25,0,0,-17,-16,-10,-10,-16,-16,-20,-18,-47,-33,-64,-56,-83,-23,-32,-35,-35,-37,-36,-43,-53,-53,-67,-75,-68,-75,-62,-67,-53,-52,-71,-21,-121,-128,-207,-128,-128,-128,-227,-227,-223,-223,-263,-253,-301,-239,-239,-232,-312,-312,-1408,-1422,-1145,-736,-934,-948,-815,-753,-1585,-1557,-1472,-1277,-12832,-12832,-12831,-12831,-12836,-12832,-12836,-12837,-12837,-12837,-12839,-12838,-12841,-12841,-12846,-12847,-12847,-12847,-12848,-12848,-12851,-29983,-29983,-29984,-29984,-29985]} 1. e4 c6 2. d4 d5 3. Nd2 dxe4 4. Nxe4 Nd7 5. Bc4 Ngf6 6. Nxf6+ Nxf6 7. Nf3 Bf5 8. O-O e6 9. Qe2 Be7 {LiveBook: 11 Games. B17: Caro-Kann: Modern Line (4...Nd7)} (9... Qc7 10. h3 O-O-O 11. a4 h6 12. c3 g5 13. Ne5 Rg8 14. a5 Bd6 15. g4 Bg6 16. f3 Bxe5 17. Qxe5 Qxe5 18. dxe5 {0-1 (57) Guliyev,N (2557)-Kovalenko,I (2653) Wroclaw 2014}) 10. Bg5 Nd5 (10... O-O {with more complications.} 11. Rfe1 h6 12. Bh4 Nd5 13. Bg3 Bd6) 11. Bxe7 Qxe7 {The position is equal.} 12. Bxd5 $146 ({Predecessor:} 12. Ne5 O-O 13. c3 h6 14. Rfe1 Rad8 15. Rad1 Rfe8 16. Qf3 Qf6 17. g3 {½-½ (30) Schmid,L (2550)-Filip,M (2510) Bamberg 1972}) 12... cxd5 13. b3 O-O 14. c4 dxc4 15. bxc4 Rac8 16. Rac1 Rfd8 17. d5 Qf6 18. Rfd1 h6 19. d6 {[#]} Bg4 (19... Rc5 $1 $17) 20. c5 $11 Bxf3 21. Qxf3 Qxf3 22. gxf3 $15 {[%mdl 4096] Endgame KRR-KRR} Rc6 23. f4 Kf8 24. a4 b6 25. cxb6 Rxb6 26. Rc7 a6 27. d7 Rb4 28. f5 exf5 29. Re1 (29. a5 $1 $11) 29... Rd4 $17 (29... Rxa4 $2 30. Rc8 $18) 30. Rc6 (30. Re5 $17) 30... a5 (30... R4xd7 31. Rxa6 Rd1 32. Rxd1 $17) 31. Rc5 g6 ({Don't blunder} 31... Rxa4 $2 32. Rc8 $18) 32. Rxa5 (32. Re8+ $17 Rxe8 33. dxe8=N) 32... R8xd7 $19 ({Don't take} 32... R4xd7 33. Rb5 $17) 33. Ra8+ Kg7 34. a5 Ra4 35. Rb1 Rd5 36. a6 {intending Rb7.} Rd6 37. Rb7 Rdxa6 ({Much less strong is} 37... Raxa6 38. Re8 $19) 38. Re8 $2 (38. Rxa6 Rxa6 39. Kg2) 38... Rg4+ 39. Kf1 Ra1+ 40. Ke2 Re4+ 41. Rxe4 fxe4 {KR-KR} 42. Rb4 Rh1 43. Rxe4 Rxh2 44. Kf3 Rh3+ 45. Kg2 Ra3 46. f3 Kf6 47. Kg3 g5 {[%cal Bg6g5,Bg5g4][%mdl 32]} 48. Re8 Kf5 49. Re4 h5 50. Rb4 g4 51. Kh4 Rxf3 {[%csl Gg4][%cal Rf3h3]} 52. Rb5+ Kg6 {[%csl Gg4][%cal Rf3h3]} 53. Rg5+ Kf6 {[%csl Gg4][%cal Rf3h3]} 54. Rxh5 Rh3+ {[#]} (54... g3 $19 55. Kh3 Kg6) 55. Kxg4 Rxh5 56. Kxh5 Kf5 {Precision: White = 24%, Black = 85%.} 0-1